Marco Jurídico Electoral : compendio : Ley General de Instituciones y Procedimientos Electorales : Ley General del Sistema de Medios de Impugnación en Materia Electoral : Ley General en Materia de Delitos Electorales : Ley General de Partidos Políticos /

La presente obra es una compilación de la Constitución Política del Estado de Jalisco y del Código Electoral y de Participación Ciudadana en el Estado de Jalisco, con el fin de servir como instrumentos para conocer las nuevas disposiciones y facultades, incorporadas en el 2011, del Tribunal Electora...

Ful tanımlama

Kaydedildi:
Detaylı Bibliyografya
Müşterek Yazar: Jalisco
Materyal Türü: Kitap
Dil:İspanyolca
Baskı/Yayın Bilgisi: Guadalajara, México : Instituto Electoral y de Participación Ciudadana del Estado de Jalisco, 2015, c2015
Konular:
Etiketler: Etiketle
Etiket eklenmemiş, İlk siz ekleyin!

MARC

LEADER 00000nam^a2200000^a^4500
001 000380949
005 20250521000000.0
009 20260310120629.716
037 |a Acervo ITESO - Biblioteca 
041 |a ESP 
082 |a 342. 723507  |b MAR V. 2 
110 |a Jalisco 
240 1 1 |a [Marco Jurídico Electoral : compendio] 
240 1 1 |a [Constitución Política de los Estados Unidos Mexicanos] 
240 1 1 |a [Ley General de Instituciones y Procedimientos Electorales] 
240 1 1 |a [Ley General del Sistema de Medios de Impugnación en Materia Electoral] 
240 1 1 |a [Ley General en Materia de Delitos Electorales] 
240 1 1 |a [Ley General de Partidos Políticos] 
245 1 0 |a Marco Jurídico Electoral :  |b compendio : Ley General de Instituciones y Procedimientos Electorales : Ley General del Sistema de Medios de Impugnación en Materia Electoral : Ley General en Materia de Delitos Electorales : Ley General de Partidos Políticos / 
264 4 |a Guadalajara, México :  |b Instituto Electoral y de Participación Ciudadana del Estado de Jalisco,  |c 2015, c2015 
300 |a 348 p. 
336 |a texto  |b txt  |2 rdacontenido 
337 |a sin mediación  |b n  |2 rdamedio 
338 |a volumen  |b nc  |2 rdasoporte 
520 |a La presente obra es una compilación de la Constitución Política del Estado de Jalisco y del Código Electoral y de Participación Ciudadana en el Estado de Jalisco, con el fin de servir como instrumentos para conocer las nuevas disposiciones y facultades, incorporadas en el 2011, del Tribunal Electoral del Estado de Jalisco y del Instituto Electoral y de Participación Ciudadana del Estado de Jalisco. La edición del 2015 ha sido distribuida en 3 volúmenes. 
649 |a XX 
650 |a Partidos Políticos -  |z México -  |x Leyes y Reglamentos 
650 |a Delitos Electorales -  |z México -  |x Leyes y Reglamentos 
650 |a Medios de Comunicación -  |z México -  |x Leyes y Reglamentos 
650 |a Derecho Procesal Electoral -  |z México 
650 |a Derecho Electoral -  |z Jalisco 
650 |a Derecho Electoral -  |z México 
650 |a Derecho Constitucional -  |z Jalisco 
650 |a Derecho Constitucional -  |z México 
650 |a Derecho Público -  |z Jalisco 
650 |a Derecho Público -  |z México 
650 |a México -  |x Leyes y Reglamentos -  |x Tema Principal 
740 0 |a Ley General de Instituciones y Procedimientos Electorales / 
740 0 |a Ley General del Sistema de Medios de Impugnación en Materia Electoral / 
740 0 |a Ley General en Materia de Delitos Electorales / 
740 0 |a Ley General de Partidos Políticos / 
910 |a Fondo General 
920 |a Impresos - Libros 
930 |a Colección General 
905 |a 101 
901 |a 0500275918  |b IT1  |c ACC  |i D78399  |u 20250521 
902 |a https://opac.biblio.iteso.mx/vufind/Record/000380949